000 00453nam a2200181Ia 4500
005 20250603144532.0
008 250603s9999 xx 000 0 und d
020 _a9780199586455
050 _aQH 326 .C38/
100 _aCatling, David C.
245 0 _aAstrobiology : a very short introduction
260 _aUnited Kingdom
260 _bOxford University Press
260 _c2013
300 _a142 p
650 _aUnited Kingdom
942 _cBK
999 _c39214
_d39214